Statistics for DOG Breeds by picture

Click here to take the quiz!

General Stats

  • This quiz has been taken 93 times
  • The average score is 17 of 35

Answer Stats

Answer% Correct
Pug
100%
Husky
92%
Great Dane
87%
Chihuahua
85%
Corgi
77%
Beagle
74%
Chow
74%
Golden Retriever
74%
Labrador
73%
French Bulldog
66%
Bull Terrier
65%
Saint Bernard
65%
Fox
61%
Greyhound
60%
Pitbull
60%
Poodle
60%
Weimaraner
58%
Bulldog
48%
Irish Wolfhound
45%
Pekingese
44%
Meerkat (not a dog)
42%
Arctic Fox
40%
Jack Russel
37%
Saluki
37%
Fennec Fox
34%
Rat Terrier
34%
Shih tzu
26%
Bull Mastiff
18%
Grey Wolf
18%
Basenji
16%
Staffy
13%
Lhasa apso
8%
German Shepard
3%
Water Spaniel
2%
Chinese Hairless Crested
0%

Score Distribution

Percentile by Number Answered

Percent of People with Each Score

Your Score History

You have not taken this quiz